Adelina Patti (Record no. 38362)

MARC details
000 -LEADER
campo de control de longitud fija 00721nam a2200217 i 4500
001 - NÚMERO DE CONTROL
campo de control 38362
003 - IDENTIFICADOR DE NÚMERO DE CONTROL
campo de control ES-MaACL
005 - FECHA Y HORA DE LA ÚLTIMA TRANSACCIÓN
campo de control 20260130134301.0
007 - CAMPO FIJO DE DESCRIPCIÓN FÍSICA--INFORMACIÓN GENERAL
campo de control de longitud fija t|
008 - DATOS DE LONGITUD FIJA--INFORMACIÓN GENERAL
campo de control de longitud fija 030225s1956 sp ||||1| spa d
100 1# - ENTRADA PRINCIPAL--NOMBRE DE PERSONA
Nombre de persona Cabezas, Juan Antonio,
Fechas asociadas al nombre 1900-1993
9 (RLIN) 33200
245 10 - MENCIÓN DEL TÍTULO
Título Adelina Patti
Resto del título : (la cantante de la voz de oro) /
Mención de responsabilidad, etc. por Juan Antonio Cabezas ; [ilustraciones de Blanes].
260 ## - PUBLICACIÓN, DISTRIBUCIÓN, ETC.
Lugar de publicación, distribución, etc. Madrid :
Nombre del editor, distribuidor, etc. Boris Bureba,
Fecha de publicación, distribución, etc. [1956] (
Fabricante Sánchez)
300 ## - DESCRIPCIÓN FÍSICA
Extensión 96 p. ;
Dimensiones 20 cm.
490 1# - MENCIÓN DE SERIE
Mención de serie Como fueron... ;
Designación de volumen o secuencia 4
600 17 - PUNTO DE ACCESO ADICIONAL DE MATERIA--NOMBRE DE PERSONA
Nombre de persona Patti, Adelina,
Fechas asociadas al nombre 1843-1919
Fuente del encabezamiento o término
9 (RLIN) 161929
700 1# - ENTRADA AGREGADA--NOMBRE PERSONAL
Nombre de persona Blanes.
9 (RLIN) 29319
830 0# - PUNTO DE ACCESO ADICIONAL DE SERIE-TÍTULO UNIFORME
Título uniforme Como fueron... ;
Designación de volumen o secuencia 4
9 (RLIN) 229671
852 ## - LOCALIZACIÓN
Ubicación ES-MaACL
Número de control de estantería C-11821
Sublocalización o colección R.39083
Holdings
Estatus retirado Estado de pérdida Estado de daño No para préstamo Biblioteca de origen Biblioteca actual Ubicación en estantería Fecha de adquisición Fuente de adquisición Total de préstamos Signatura topográfica completa Código de barras Visto por última vez Precio de reemplazo Tipo de ítem Koha
        Biblioteca del Ateneo de Madrid Biblioteca del Ateneo de Madrid Sala Palomar 17/01/2008     C-11821 1040389 23/02/2023 23/02/2023 Libro impreso